MARC details
| 000 -LEADER |
| fixed length control field |
03314cam a22004098i 4500 |
| 003 - CONTROL NUMBER IDENTIFIER |
| control field |
URS |
| 005 - DATE AND TIME OF LATEST TRANSACTION |
| control field |
20230901023112.0 |
| 008 - FIXED-LENGTH DATA ELEMENTS--GENERAL INFORMATION |
| fixed length control field |
230620s2023 hu ob 001 0 eng |
| 040 ## - CATALOGING SOURCE |
| Original cataloging agency |
DLC |
| Language of cataloging |
eng |
| Description conventions |
rda |
| Transcribing agency |
DLC |
| Modifying agency |
OCLCF |
| -- |
JSTOR |
| -- |
YDX |
| -- |
EBLCP |
| -- |
URS |
| 020 ## - INTERNATIONAL STANDARD BOOK NUMBER |
| International Standard Book Number |
9789633866191 |
| Qualifying information |
(adobe pdf) |
| 020 ## - INTERNATIONAL STANDARD BOOK NUMBER |
| International Standard Book Number |
9633866197 |
| 020 ## - INTERNATIONAL STANDARD BOOK NUMBER |
| Canceled/invalid ISBN |
9789633866184 |
| Qualifying information |
(hardback) |
| 050 00 - LIBRARY OF CONGRESS CALL NUMBER |
| Classification number |
HV6322.7 |
| 100 1# - MAIN ENTRY--PERSONAL NAME |
| Personal name |
Kiss, Judit, |
| Relator term |
author. |
| 245 10 - TITLE STATEMENT |
| Title |
More nights than days : |
| Remainder of title |
a survey of writings of child genocide survivors / |
| Statement of responsibility, etc. |
Yudit Kiss. |
| 263 ## - PROJECTED PUBLICATION DATE |
| Projected publication date |
2309 |
| 264 #1 - PRODUCTION, PUBLICATION, DISTRIBUTION, MANUFACTURE, AND COPYRIGHT NOTICE |
| Place of production, publication, distribution, manufacture |
Budapest ; |
| -- |
New York : |
| Name of producer, publisher, distributor, manufacturer |
Central European University Press, |
| Date of production, publication, distribution, manufacture, or copyright notice |
2023. |
| 300 ## - PHYSICAL DESCRIPTION |
| Extent |
1 online resource |
| 336 ## - CONTENT TYPE |
| Content type term |
text |
| Content type code |
txt |
| Source |
rdacontent |
| 337 ## - MEDIA TYPE |
| Media type term |
computer |
| Media type code |
c |
| Source |
rdamedia |
| 338 ## - CARRIER TYPE |
| Carrier type term |
online resource |
| Carrier type code |
cr |
| Source |
rdacarrier |
| 504 ## - BIBLIOGRAPHY, ETC. NOTE |
| Bibliography, etc. note |
Includes bibliographical references and index. |
| 520 ## - SUMMARY, ETC. |
| Summary, etc. |
"More Nights Than Days is a unique exploration of the experience of children who survived the Holocaust-including Roma and Sinti victims-and the genocides in Cambodia, Rwanda, and Bosnia. Children are among the principal victims of armed conflicts and slaughters; nonetheless, they perceive events through the prism of their unique perspective and have a range of coping techniques adults don't possess.This overview of writings of ninety-one child survivors bears evidence from a wide range of human ruthlessness. The author presents little-known texts along with famous memoirs and autobiographical fiction, with abundant quotations. Many of these are not only compelling as historical testimony, but poetic and stirringly expressive. Yudit Kiss has not written a historical study or literary criticism of the children's books. She explores, instead, what the authors went through and what they felt and understood about their experience. An accessible and captivating reading, this volume presents a close-up, human size dimension of the destruction. The books written by child survivors also describe the resources and means that helped them to remain human even in the deepest well of inhumanity, offering precious lessons about resistance and resilience"-- |
| Assigning source |
Provided by publisher. |
| 588 ## - SOURCE OF DESCRIPTION NOTE |
| Source of description note |
Description based on print version record and CIP data provided by publisher; resource not viewed. |
| 505 0# - FORMATTED CONTENTS NOTE |
| Formatted contents note |
Cover -- Front matter -- Title page -- Copyright page -- Contents -- 1. The Children's Books -- 2. Persecution -- 3. Coping: Refuges and Escape Routes -- 4. The Aftermath: Surviving Survival -- 5. The Next Generation -- Surviving -- Aftermaths -- The Children. Biographical Notes -- Acknowledgements -- Bibliography -- Index -- Back cover |
| 590 ## - LOCAL NOTE (RLIN) |
| Local note |
JSTOR |
| Provenance (VM) [OBSOLETE] |
Books at JSTOR Open Access |
| 650 #0 - SUBJECT ADDED ENTRY--TOPICAL TERM |
| Topical term or geographic name entry element |
Genocide survivors. |
| Authority record control number or standard number |
http://id.loc.gov/authorities/subjects/sh2011000007 |
| 650 #0 - SUBJECT ADDED ENTRY--TOPICAL TERM |
| Topical term or geographic name entry element |
Children |
| General subdivision |
Crimes against. |
| Authority record control number or standard number |
http://id.loc.gov/authorities/subjects/sh95007375 |
| 650 #0 - SUBJECT ADDED ENTRY--TOPICAL TERM |
| Topical term or geographic name entry element |
Holocaust survivors' writings. |
| Authority record control number or standard number |
http://id.loc.gov/authorities/subjects/sh97005780 |
| 650 #0 - SUBJECT ADDED ENTRY--TOPICAL TERM |
| Topical term or geographic name entry element |
Children's writings. |
| Authority record control number or standard number |
http://id.loc.gov/authorities/subjects/sh85023841 |
| 650 #7 - SUBJECT ADDED ENTRY--TOPICAL TERM |
| Topical term or geographic name entry element |
POLITICAL SCIENCE / Genocide & War Crimes. |
| Source of heading or term |
bisacsh |
| 856 40 - ELECTRONIC LOCATION AND ACCESS |
| Uniform Resource Identifier |
<a href="https://www.jstor.org/stable/10.7829/j.ctv36tpjkz">https://www.jstor.org/stable/10.7829/j.ctv36tpjkz</a> |
| 938 ## - |
| -- |
ProQuest Ebook Central |
| -- |
EBLB |
| -- |
EBL30349585 |
| 938 ## - |
| -- |
YBP Library Services |
| -- |
YANK |
| -- |
305623472 |
| 942 ## - ADDED ENTRY ELEMENTS (KOHA) |
| Source of classification or shelving scheme |
Library of Congress Classification |
| Koha item type |
E-Book |
| 994 ## - |
| -- |
92 |
| -- |
PHURS |